Geography Quiz

Random Geography or City Quiz
Score 0/25 Timer 10:00
0 Plays Today
City % Correct
Tehran
99.7%
Esfahan
83.4%
Shiraz
77.5%
Tabriz
75.6%
Mashhad
73.3%
Qom
69.7%
Kerman
49.9%
Bandar-e Abbas
45.4%
Ahvaz
45.1%
Yazd
42.2%
Karaj
41.4%
Rasht
40.4%
Kermanshah
39.8%
City % Correct
Hamadan
35.4%
Zahedan
33.2%
Ardabil
29.4%
Orumiyeh
28.8%
Qazvin
27.7%
Arak
26.8%
Sari
26.1%
Gorgan
23.5%
Zanjan
21.8%
Sanandaj
20.4%
Eslamshahr
15.6%
Khorramabad
14.6%

You're not logged in!

Compare scores with friends on all Sporcle quizzes.
OR
Log In

Sporcle TV

Today on Sporcle TV


Watch our educational content, quiz creation guides, and fun videos on Sporcle TV.

Show Comments

Extras

Top Quizzes Today


Score Distribution

Paid Content

Your Account Isn't Verified!

In order to create a playlist on Sporcle, you need to verify the email address you used during registration. Go to your Sporcle Settings to finish the process.

Report this User

Report this user for behavior that violates our Community Guidelines.

Details: